Sports Quiz

Random Sports or MLB Quiz

MLB 2000 Hit Club Quiz Stats

 Plays Quiz Updated Jan 24, 2019

Also try: MLB 2500 Hit Club
Challenge
Share
Tweet
Embed
Score 0/287 Timer 20:00
1 Play Today
H Player % Correct
4256Pete Rose
96.3%
3465Derek Jeter
94.4%
4189Ty Cobb
92.4%
2654Ted Williams
91.4%
2336Bernie Williams
91.2%
2711Billy Williams
91.2%
3115Alex Rodriguez
90.6%
3771Hank Aaron
90.6%
2873Babe Ruth
90.5%
2844Ivan Rodriguez
90.4%
2935Barry Bonds
89.1%
2726Chipper Jones
87.7%
2415Mickey Mantle
87.5%
3184Cal Ripken Jr.
86.8%
3283Willie Mays
86.8%
2721Lou Gehrig
86.8%
2584Reggie Jackson
86.3%
3000Roberto Clemente
86.3%
2943Frank Robinson
86.2%
2848Brooks Robinson
86.2%
2781Ken Griffey Jr.
85.9%
2143Ken Griffey
85.7%
2460Ozzie Smith
85.7%
2020Reggie Smith
85.5%
3060Craig Biggio
85.1%
3630Stan Musial
84.7%
2031Lee May
84.6%
3089Ichiro Suzuki
84.2%
3141Tony Gwynn
84%
2214Joe DiMaggio
83.5%
2468Frank Thomas
83.4%
3154George Brett
82.8%
3142Robin Yount
82.4%
2574Manny Ramirez
82.4%
2303Aramis Ramirez
81.9%
3319Paul Molitor
81.8%
3055Rickey Henderson
81.8%
3010Wade Boggs
81.7%
2153Victor Martinez
81%
3420Honus Wagner
80.9%
2314Jeff Bagwell
80.6%
3419Carl Yastrzemski
80.5%
2048Johnny Bench
80.4%
2050Adrian Gonzalez
80.2%
3255Eddie Murray
80.1%
2150Yogi Berra
79.3%
2234Mike Schmidt
79.2%
2051Bob Johnson
79.2%
3020Rafael Palmeiro
78.6%
2591Luis Gonzalez
78.5%
2247Edgar Martinez
78.3%
3082Albert Pujols
77.7%
2184Joe Carter
77.6%
2092Gary Carter
77.6%
2408Sammy Sosa
77.3%
2472David Ortiz
77.2%
2452Jim Rice
77%
2987Sam Rice
76.9%
3007Al Kaline
76.8%
2517Joe Morgan
76.7%
2663Nellie Fox
76.2%
3053Rod Carew
75.9%
3110Dave Winfield
75.8%
2583Ernie Banks
75.8%
2328Jim Thome
75.5%
2160Larry Walker
75.2%
2064Dixie Walker
75%
2676Miguel Cabrera
74.9%
2232Willie Stargell
74.9%
2003Shawn Green
74.9%
2086Harmon Killebrew
74.8%
2211Willie McCovey
74.7%
2646Jimmie Foxx
74.6%
2304Kirby Puckett
74.3%
2519Todd Helton
73.8%
2876Mel Ott
73.3%
2514Buddy Bell
73.2%
2207Willie Wilson
73.2%
2774Andre Dawson
73.2%
2386Ryne Sandberg
73.1%
2665George Davis
73%
2561Willie Davis
73%
2380Chili Davis
73%
2121Tommy Davis
72.9%
3435Cap Anson
71.7%
2529Garret Anderson
71.6%
2724Roberto Alomar
71.3%
3514Tris Speaker
71.2%
3023Lou Brock
71.1%
2127Mike Piazza
70.8%
2590Vladimir Guerrero
70.5%
2732Tony Perez
70.4%
2006Frank White
70.1%
2067Deacon White
70%
2356Carlton Fisk
69.9%
2930Rogers Hornsby
69%
H Player % Correct
3243Nap Lajoie
68.3%
2689Gary Sheffield
68.1%
2116Duke Snider
67.9%
2446Dwight Evans
67.8%
2223Darrell Evans
67.7%
2365Alan Trammell
67.6%
2315Eddie Mathews
67.2%
2176Will Clark
66.8%
2153Don Mattingly
66.7%
2599Steve Garvey
66.5%
3152Paul Waner
66.4%
2459Lloyd Waner
66.4%
2712Dave Parker
66.2%
2111Dale Murphy
66.1%
2254Ron Santo
65.9%
2490Fred McGriff
65.6%
2605Tim Raines
65.4%
2455Jimmy Rollins
65.3%
2340Barry Larkin
65.2%
2375Michael Young
65.1%
2055Orlando Cabrera
65%
2010Jason Giambi
64.8%
2369Lou Whitaker
64.7%
2182Keith Hernandez
64.6%
2170Pee Wee Reese
64.5%
3315Eddie Collins
64.2%
2461Jeff Kent
63.3%
2725Carlos Beltran
62.9%
2333Andres Galarraga
62.2%
2326Dave Concepcion
62%
2927Al Simmons
61.9%
2472Ted Simmons
61.8%
2961Sam Crawford
61.7%
2877Omar Vizquel
61.5%
2351Orlando Cepeda
61.5%
2038Carlos Delgado
61.3%
2134Moises Alou
61.2%
2101Felipe Alou
61.2%
2273Carlos Lee
60.6%
2769Johnny Damon
60.1%
2866Harold Baines
59.9%
2340Paul Konerko
59.6%
3166Adrian Beltre
59.3%
2839Charlie Gehringer
58.9%
2470Robinson Cano
58.8%
2445Mark Grace
58.4%
2105Paul O'Neill
58.3%
2812George Sisler
57.8%
2123Joe Mauer
57.2%
2677Luis Aparicio
57.1%
2192Cecil Cooper
56.3%
2225Graig Nettles
55.8%
2428Kenny Lofton
55.6%
2342Joe Torre
55.3%
2095Alfonso Soriano
55.1%
2749Luke Appling
54.9%
2164Billy Hamilton
54.7%
2932Willie Keeler
54.4%
2010Bobby Bonilla
54.2%
2239John Olerud
54.1%
2016Bill Mazeroski
53.9%
2407Miguel Tejada
53.7%
2452Torii Hunter
53.6%
2574Richie Ashburn
53.6%
2011Johnny Mize
53.1%
2251Jose Cruz
52.6%
2715Bill Buckner
52.1%
2716Rusty Staub
51.8%
2254Willie McGee
51.6%
2280Gary Gaetti
51.5%
2880Frankie Frisch
51.4%
2096Matt Holliday
51.4%
2743Al Oliver
51.1%
2029Brandon Phillips
51.1%
2383Enos Slaughter
50.4%
2276Tony Fernandez
50.5%
2884Zack Wheat
50.1%
2135Don Baylor
50.1%
2156Magglio Ordonez
50.1%
2077Scott Rolen
50%
2054George Kell
49.7%
2042Bobby Doerr
49.7%
2548Steve Finley
49.2%
2210Willie Randolph
49%
2471Joe Medwick
48.7%
2416Pie Traynor
48.6%
2107Ellis Burks
48.3%
2660Harry Heilmann
48.3%
2076Chuck Klein
48.2%
2586Julio Franco
47.9%
2470Bobby Abreu
47.6%
2134Maury Wills
47.5%
2597Ed Delahanty
46.9%
2034Raul Ibanez
46.8%
2085Tim Wallach
46.5%
2757Vada Pinson
46.4%
H Player % Correct
2138Jose Reyes
46%
2087Cesar Cedeno
45.9%
2091Hal McRae
45.7%
2678Fred Clarke
45.5%
2735Goose Goslin
45.4%
2011Gary Matthews
45.2%
2193Bill Terry
45.1%
2249Bert Campaneris
44.8%
2449Red Schoendienst
44.6%
2191Larry Bowa
44.1%
2020Amos Otis
43.7%
2103Arky Vaughan
43.7%
2143Ken Boyer
43.1%
2605Rabbit Maranville
42.8%
2327Edgar Renteria
42.6%
2008Bill Madlock
42.3%
2152Ruben Sierra
42.1%
2004Todd Zeile
42%
2285Joe Cronin
41.9%
2375Brett Butler
41.9%
2934Jake Beckley
41.8%
2850Jesse Burkett
41.8%
2217Juan Pierre
41.3%
2524Heinie Manush
41.1%
2665Max Carey
41%
2019Earl Averill
40.4%
2074Carney Lansford
39.8%
2023Tony Phillips
39.7%
2251Marquis Grissom
39.7%
2096Garry Templeton
39.6%
2466Harry Hooper
38.9%
2313Jim Bottomley
38.9%
2060Wally Joyner
38.8%
2345Billy Herman
38.7%
2220Joe Kelley
38.3%
2299Kiki Cuyler
38.2%
2099Brian Downing
38.1%
2296Dan Brouthers
37.9%
2109Chris Chambliss
37.8%
2007Tony Taylor
37.5%
2029Ken Singleton
37.5%
2258Bid McPhee
37%
2195Jason Kendall
36.8%
2639Jim O'Rourke
36.7%
2309Bobby Wallace
35.6%
2043A.J. Pierzynski
35.5%
2467Roger Connor
35.2%
2513Jimmy Ryan
34.9%
2326B.J. Surhoff
34.5%
2237Nick Markakis
34.5%
2129Herman Long
34.4%
2293Hugh Duffy
34.3%
2054Ray Durham
34.2%
2138Dick Groat
34.1%
2226Joe Sewell
33.9%
2376Edd Roush
33.8%
2705Doc Cramer
33.2%
2495Mickey Vernon
33.1%
2004Dave Bancroft
32.9%
2142Placido Polanco
32.4%
2651Lave Cross
32.3%
2077George Burns
32.1%
2018George Burns
32.1%
2089Al Dark
32%
2063Del Ennis
31.9%
2107Monte Ward
31.4%
2544George VanHaltren
30.8%
2092Harvey Kuenn
30.6%
2352Joe Judge
30%
2193Stan Hack
29.1%
2461Bill Dahlen
29%
2169Sherry Magee
28.4%
2040Mark Grudzielanek
27.9%
2048Dummy Hoy
27.7%
2405Stuffy McInnis
26.4%
2063Bobby Veach
26%
2158Hal Chase
25.8%
2299Charlie Grimm
25%
2256Jimmy Dykes
25%
2326Jake Daubert
24.9%
2100Clyde Milan
24.7%
2061Bob Elliott
24.5%
2131Buddy Myer
24.4%
2143Tommy Leach
24.2%
2041Jack Glasscock
24%
2256Tommy Corcoran
23.8%
2256Patsy Donovan
23.2%
2212Joe Kuhel
22.4%
2231Fred Tenney
22.3%
2138Wally Moses
22.3%
2084Ed McKean
21.9%
2084Jimmy Sheckard
21.2%
2150Ed Konetchy
20.8%
2133Paul Hines
20.6%
2165Dick Bartell
19.9%

You're not logged in!

Compare scores with friends on all Sporcle quizzes.
OR
Log In

You Might Also Like...

Show Comments

Extras

Top Quizzes Today


Score Distribution

Your Account Isn't Verified!

In order to create a playlist on Sporcle, you need to verify the email address you used during registration. Go to your Sporcle Settings to finish the process.

Report this User

Report this user for behavior that violates our Community Guidelines.

Details: